[Event "9th V Nabokov IM"]
[Site "Kyiv UKR"]
[Date "2011.04.24"]
[Round "8.2"]
[White "Grinev,V"]
[Black "Moliboga,V"]
[Result "1/2-1/2"]
[WhiteElo "2375"]
[BlackElo "2277"]

1.d4 Nf6 2.c4 g6 3.Nc3 Bg7 4.e4 d6 5.Nf3 O-O 6.Be2 e5 7.O-O Nbd7 8.Re1 Re8
9.Bf1 exd4 10.Nxd4 Nc5 11.f3 Nfd7 12.Be3 Nf8 13.Qd2 a5 14.Rab1 b6 15.b3 Bd7
16.a3 Nfe6 17.Ndb5 Be5 18.f4 Bg7 19.f5 Bxb5 20.fxe6 Bc6 21.exf7+ Kxf7 22.Bd3 Kg8
23.Nd5 Rf8 24.Bc2 Ne6 25.Rf1 Qd7 26.Rf3 Rxf3 27.gxf3 Qf7 28.f4 Re8 29.b4 axb4
30.axb4 Nf8 31.Rf1 Bxd5 32.cxd5 Qe7 33.Rc1 Kh8 34.Bd3 Ra8 35.Kg2 Ra3 36.Rc2 h6
37.Ra2 Rxa2 38.Qxa2 g5 39.fxg5 hxg5 40.Qe2 Bf6 41.Qf3 Ng6 42.Qh5+ Kg7 43.Qh3 Be5
44.Qg4 Bf6 45.Be2 Ne5 46.Qf5 Qd7 47.Qxd7+ Nxd7 48.Kf1 Kg6 49.Bg4 Ne5 50.Bf5+ Kg7
51.Ke2 g4 52.Kf1 Bh4 53.Kg2 Be1 54.b5 Bh4 55.Bd4 Kf6 56.Bxg4 Be1 57.Bf5 Bd2
58.Kg3 Kg5 59.h4+ Kh5 60.Bf2 Bh6 61.Bh3 Kg6 62.Bg4 Kf6 63.Be2 Bd2 64.Kh3 Bh6
65.h5 Nf7 66.Bf3 Bg5 67.Bg4 Kg7 68.Bf5 Kh6 69.Bg6 Ne5 70.Be8 Nd3 71.Bd4 Ne5
72.Kg3 Bd2 73.Kf2 Kg5 74.Ke2 Bf4 75.Bf2 Ng4 76.e5 Bxe5 77.Be1 Bf4 78.Kf3 Bc1
79.Bc3 Nf6 80.h6 Kf5 81.Bd7+ Kg6 82.Bxf6 Kxf6 83.h7 Kg7 84.Bf5 Bg5 85.Kg4 Bf6
86.Be4 Kf8 87.Kf5 Ke7 88.Kg6  1/2-1/2

[Event "Branko Vukmanovic Mem Open"]
[Site "Tivat MNE"]
[Date "2011.04.24"]
[Round "9.9"]
[White "Kragelj,I"]
[Black "Arsovic,Z"]
[Result "0-1"]
[WhiteElo "2207"]
[BlackElo "2466"]

1.d4 Nf6 2.c4 d6 3.Nc3 e5 4.Nf3 Nbd7 5.e4 g6 6.Be2 Bg7 7.O-O O-O 8.Be3 Re8
9.Qc2 Ng4 10.Bg5 Bf6 11.Bxf6 Ngxf6 12.Rad1 c6 13.Rfe1 Qe7 14.Bf1 b6 15.g3 Bb7
16.Bg2 a6 17.a4 a5 18.b3 Rad8 19.Re2 Nf8 20.Red2 Rb8 21.Qb2 h6 22.Re2 N6h7
23.Qa3 Nf6 24.Qc1 Kg7 25.Qb2 Bc8 26.h3 Bb7 27.Kh2 g5 28.Qa3 Rbc8 29.Qb2 Ng6
30.Qd2 Rcd8 31.Qc1 Bc8 32.Qa3 g4 33.hxg4 Bxg4 34.Ree1 Nh7 35.Rd2 Bxf3 36.Bxf3 exd4  0-1

[Event "Branko Vukmanovic Mem Open"]
[Site "Tivat MNE"]
[Date "2011.04.24"]
[Round "9.17"]
[White "Sente,D"]
[Black "Popadic,Dr"]
[Result "0-1"]
[WhiteElo "2049"]
[BlackElo "2245"]

1.d4 Nf6 2.c4 g6 3.Nc3 Bg7 4.e4 d6 5.Nf3 O-O 6.Be2 e5 7.O-O Na6 8.d5 Nc5
9.Qc2 a5 10.g3 Ne8 11.Nh4 Bh3 12.Rd1 Qd7 13.Ng2 f5 14.exf5 gxf5 15.f4 Nf6
16.Be3 Nce4 17.Nxe4 Nxe4 18.Bf3 Nf6 19.fxe5 dxe5 20.Bc5 Rf7 21.d6 c6 22.Bf2 Ng4
23.c5 f4 24.gxf4 Raf8 25.Qb3 a4 26.Qc4 Kh8 27.Qe2 Nxf2 28.Kxf2 e4 29.Bh5 Rf5
30.Kg1 Rxc5 31.Rac1 Rxc1 32.Rxc1 Bd4+ 33.Kh1 Rg8 34.Nh4 Bf6 35.Qxe4 Bxh4
36.Qe5+ Qg7 37.Rg1 Qxe5 38.fxe5 Bf2 39.Rxg8+ Kxg8 40.Bd1 Bd4 41.Bxa4 Bxe5
42.b4 Bxd6 43.b5 c5 44.Bb3+ Kf8 45.b6 Ke7 46.Bd5 Be6 47.Bxb7 Bxa2 48.Be4 h6
49.Kg2 Ke6 50.Bh7 Bd5+ 51.Kh3 Kf6 52.Bc2 c4 53.Bb1 c3 54.Kh4 Bxh2 55.Kh5 Bf4
56.Bc2 Bf3+ 57.Kh4 Ke7  0-1

[Event "17th Asian Cities"]
[Site "Jakarta INA"]
[Date "2011.04.25"]
[Round "4.10"]
[White "Tan Khai Boon"]
[Black "Saleh,Nag"]
[Result "1/2-1/2"]
[WhiteElo "2150"]
[BlackElo "2194"]

1.d4 Nf6 2.c4 g6 3.Nc3 Bg7 4.e4 d6 5.Nf3 O-O 6.Be2 Nbd7 7.O-O e5 8.Re1 c6
9.Bf1 exd4 10.Nxd4 a5 11.Be3 Nc5 12.f3 Re8 13.Qd2 Nfd7 14.Rad1 Qe7 15.Kh1 Ne5
16.Bg5 f6 17.Bh6 Bh8 18.Be3 Qf7 19.Qe2 Bg7 20.Nb3 Nxb3 21.axb3 Bf8 22.Na4 Be6
23.Nb6 Rad8 24.Qd2 f5 25.Bg5 Be7 26.Bxe7 Qxe7 27.exf5 gxf5 28.Qxa5 Qf6 29.Qc3 Kg7
30.c5 Nf7 31.cxd6 Qxc3 32.bxc3 Bxb3 33.Rxe8 Bxd1 34.d7 Bb3 35.Kg1 Kf6 36.Kf2 f4
37.Ke2 Be6 38.Kd3 Bxd7 39.Rxd8 Bf5+ 40.Kd4 Nxd8 41.Kc5 Ke7 42.Nc4 b5 43.Ne5 Bd7
44.Nxd7 Kxd7 45.Bd3 h6 46.Bf5+ Kc7 47.Kd4 Kd6 48.c4 bxc4 49.Kxc4 c5 50.Kd3 Ke5
51.Bg6 Kd5 52.Be4+ Kd6 53.Ba8 Ke5 54.Kc4 Ne6 55.Bd5 Nd4 56.Kxc5 Nf5 57.Bc4 Ne3
58.g4 fxg3 59.hxg3 Nf5  1/2-1/2

[Event "Easter Open"]
[Site "Norrkoping SWE"]
[Date "2011.04.25"]
[Round "8"]
[White "Olsson,Li"]
[Black "Agrest,I"]
[Result "1/2-1/2"]
[WhiteElo "2271"]
[BlackElo "2170"]

1.d4 Nf6 2.c4 g6 3.Nc3 Bg7 4.e4 d6 5.Nf3 O-O 6.Be2 Nbd7 7.O-O e5 8.Re1 Re8
9.d5 Nc5 10.Bf1 a5 11.b3 Nh5 12.Nd2 Nf4 13.Qc2 f5 14.a3 Rf8 15.Rb1 Nh5 16.b4 Na6
17.c5 axb4 18.axb4 dxc5 19.bxc5 Nxc5 20.Nb5 b6 21.Ba3 Rxa3 22.Nxa3 fxe4 23.Nb3 Nd3
24.Bxd3 exd3 25.Qxd3 Nf4 26.Qf1 Qg5 27.Kh1 Ba6 28.Qg1 Ne2 29.Rxe2 Bxe2 30.Nc1 Bg4
31.Nc4 e4 32.Ne3 Bd4 33.h3 Bxe3 34.fxe3 Bc8 35.d6 cxd6 36.Rxb6 Qc5 37.Rb1 Ba6
38.Nb3 Qe5 39.Qh2 Qd5 40.Nd4 Bd3 41.Ra1 Rf6 42.Qg3 h5 43.h4 Qe5 44.Kh2 Bc4
45.Rc1 Qxg3+ 46.Kxg3 d5 47.Ra1 Kg7 48.Ra7+ Rf7 49.Ra8 Kf6 50.Kf4 Bf1 51.g4 hxg4
52.Kxg4 Bc4 53.Rb8 Kg7 54.Kg5 Re7 55.Nc6 Rf7 56.Nd4 Re7 57.Rb6 Re5+ 58.Kg4 Re7
59.Rd6 Kf7 60.Nc6 Re8 61.Kg5 Bb5 62.Nd4 Bc4 63.Rf6+ Kg7 64.Rxg6+ Kf7 65.Rf6+ Ke7
66.Re6+ Kf7  1/2-1/2

[Event "2nd Lille Open"]
[Site "Lille FRA"]
[Date "2011.04.26"]
[Round "2.11"]
[White "Gozzoli,Y"]
[Black "Rabineau,C"]
[Result "1-0"]
[WhiteElo "2543"]
[BlackElo "2291"]

1.d4 Nf6 2.c4 g6 3.Nc3 Bg7 4.e4 O-O 5.Nf3 d6 6.Be2 e5 7.O-O Nbd7 8.Be3 c6
9.d5 c5 10.Ne1 Ne8 11.g4 Bf6 12.Qd2 Ng7 13.Kh1 Re8 14.Rg1 Nf8 15.g5 Be7 16.Nd3 b6
17.f4 exf4 18.Bxf4 Nh5 19.Raf1 Ng7 20.Qe3 f6 21.gxf6 Bxf6 22.Nb5 Nf5 23.Qf3 a6
24.Nxd6 Nxd6 25.Bxd6 Qxd6 26.e5 Bg4 27.Rxg4 Bxe5 28.Re4 Nd7 29.Qe3 Re7 30.Bg4 Nf6
31.Be6+ Rxe6 32.dxe6 Bd4 33.Qf3 Nxe4 34.Qxe4 Rf8 35.Re1 Qe7 36.Nf4 Rf5 37.Nd5 Qf8
38.Qg2 Re5 39.Rxe5 Bxe5 40.e7 Qf7 41.Qe2  1-0

[Event "2nd Lille Open"]
[Site "Lille FRA"]
[Date "2011.04.27"]
[Round "3.7"]
[White "Pogorelov,R"]
[Black "Maze,S"]
[Result "1/2-1/2"]
[WhiteElo "2430"]
[BlackElo "2559"]

1.Nf3 Nf6 2.c4 g6 3.Nc3 Bg7 4.e4 d6 5.d4 O-O 6.Be2 Na6 7.O-O e5 8.Be3 c6
9.d5 Ng4 10.Bg5 f6 11.Bh4 c5 12.Ne1 h5 13.Nd3 Nh6 14.f3 Nf7 15.Rb1 Bh6 16.Bf2 Bd7
17.b4 b6 18.bxc5 bxc5 19.Qc2 f5 20.Kh1 Qe7 21.Qb2 Rab8 22.Qa3 Rxb1 23.Rxb1 Bc8
24.Rb5 Bd2 25.Nb1 Bh6 26.Nc3 Bd2 27.Nb1 Bh6  1/2-1/2

[Event "Sydney International Open"]
[Site "Sydney AUS"]
[Date "2011.04.28"]
[Round "4"]
[White "Zulfic,F"]
[Black "Bojkov,D"]
[Result "0-1"]
[WhiteElo "2057"]
[BlackElo "2523"]

1.d4 Nf6 2.c4 g6 3.Nc3 Bg7 4.e4 d6 5.Nf3 O-O 6.Be2 Na6 7.O-O e5 8.d5 Nc5
9.Qc2 a5 10.Bg5 h6 11.Bh4 Nfd7 12.Nd2 f5 13.f3 f4 14.Bf2 Bf6 15.Kh1 h5 16.b3 Bh4
17.Bg1 Nf6 18.a3 g5 19.b4 Na6 20.c5 g4 21.b5 Nxc5 22.Bxc5 dxc5 23.b6 cxb6
24.Rab1 Nh7 25.Nc4 Bg3 26.fxg4 Qh4 27.h3 hxg4 28.Nxe5 f3 29.Nxf3 gxf3 30.Bxf3 Be5
31.Rxb6 Qg3 32.Kg1 Bxh3  0-1

[Event "Karlovy Vary Open"]
[Site "Karlovy Vary CZE"]
[Date "2011.04.30"]
[Round "4.3"]
[White "Vorobyov,Y"]
[Black "Neuman,P"]
[Result "0-1"]
[WhiteElo "2212"]
[BlackElo "2469"]

1.Nf3 d6 2.d4 Nf6 3.c4 g6 4.Nc3 Bg7 5.e4 O-O 6.Be2 e5 7.dxe5 dxe5 8.Qxd8 Rxd8
9.Bg5 c6 10.Nxe5 Re8 11.O-O-O Na6 12.f4 h6 13.Bh4 g5 14.Bg3 Nc5 15.Rhe1 Nfxe4
16.Nxe4 Nxe4 17.Nxf7 Nxg3 18.hxg3 Rxe2 19.Rxe2 Kxf7 20.fxg5 Bg4 21.Rf1+ Kg6
22.Re4 h5 23.Re7 b6 24.Rff7 Bd4 25.Rxa7 Rd8 26.Rfe7 Rf8 27.Kc2 Rf2+ 28.Kd3 c5
29.Ke4 Rxg2 30.Kd5 Rxb2 31.Re8 Bf3+ 32.Kd6 Kxg5 33.Rg8+ Kh6 34.a4 Be2 35.Rb8 Rb4
36.Kc6 Bf3+ 37.Kd7 Bd1 38.Ra6 Bxa4+ 39.Ke7 Bc2 40.Raxb6+ Rxb6 41.Rxb6+ Kg5  0-1

[Event "43rd TCh-ITA 2011"]
[Site "Spoleto ITA"]
[Date "2011.04.30"]
[Round "6"]
[White "David,Alb"]
[Black "Socko,B"]
[Result "1/2-1/2"]
[WhiteElo "2592"]
[BlackElo "2660"]

1.d4 Nf6 2.c4 g6 3.Nc3 Bg7 4.e4 d6 5.Nf3 O-O 6.Be2 e5 7.Be3 Ng4 8.Bg5 f6
9.Bh4 Nc6 10.d5 Ne7 11.Nd2 Nh6 12.f3 c5 13.dxc6 bxc6 14.b4 Be6 15.Bf2 f5
16.Nb3 f4 17.Rc1 g5 18.b5 c5 19.h4 gxh4 20.Rxh4 Nf7 21.a4 Ng6 22.Rh5 Bf6
23.Kd2 Ng5 24.Kc2 Kg7 25.Qh1 a6 26.Rd1 Qb8 27.a5 axb5 28.Nxb5 Ra6 29.Nxd6 Rxd6
30.Rxd6 Qxd6 31.Bxc5 Qc6 32.Bxf8+ Nxf8 33.Qa1 Nxe4 34.fxe4 Qxe4+ 35.Bd3 Qxg2+
36.Nd2 e4 37.Bxe4 Qg3 38.Qh1 Qc3+ 39.Kd1 Bg4+ 40.Bf3 Bxh5 41.Qxh5  1/2-1/2

[Event "Heroes Day Masters"]
[Site "Bridgetown BAR"]
[Date "2011.05.02"]
[Round "8"]
[White "Warner,De"]
[Black "Hammar,B"]
[Result "1/2-1/2"]
[WhiteElo "2241"]
[BlackElo "2283"]

1.d4 Nf6 2.c4 d6 3.Nc3 e5 4.Nf3 Nbd7 5.e4 g6 6.Be2 Bg7 7.O-O O-O 8.Be3 c6
9.d5 cxd5 10.cxd5 Ng4 11.Bg5 f6 12.Bd2 Nh6 13.Rc1 a6 14.Qc2 Nf7 15.Ne1 Bh6
16.b4 Bxd2 17.Qxd2 f5 18.Kh1 f4 19.Bg4 Kh8 20.g3 Qg5  1/2-1/2

[Event "29th Metz Open A"]
[Site "Longeville-les-Metz FRA"]
[Date "2011.05.02"]
[Round "1.16"]
[White "Lalic,B"]
[Black "Carrillo,J"]
[Result "1-0"]
[WhiteElo "2469"]
[BlackElo "2118"]

1.d4 Nf6 2.Nf3 g6 3.c4 Bg7 4.Nc3 d6 5.e4 O-O 6.Be2 Na6 7.O-O e5 8.Be3 Ng4
9.Bg5 Qe8 10.Re1 f6 11.Bh4 h5 12.h3 Nh6 13.c5 exd4 14.Nd5 c6 15.Bxa6 cxd5
16.exd5 Qd8 17.Bd3 g5 18.Nxd4 gxh4 19.Ne6 Bxe6 20.dxe6 Re8 21.cxd6 Qb6 22.e7 Nf7
23.d7 Ne5 24.Rxe5 fxe5 25.Bc4+  1-0

[Event "29th Metz Open A"]
[Site "Longeville-les-Metz FRA"]
[Date "2011.05.03"]
[Round "2.11"]
[White "Donchenko,Alexa"]
[Black "Pucher,S"]
[Result "1/2-1/2"]
[WhiteElo "2239"]
[BlackElo "2227"]

1.d4 Nf6 2.Nf3 g6 3.c4 Bg7 4.Nc3 O-O 5.e4 d6 6.Be2 e5 7.dxe5 dxe5 8.Qxd8 Rxd8
9.Bg5 Re8 10.O-O-O h6 11.Bh4 Bg4 12.h3 Bxf3 13.Bxf3 Nc6 14.Nb5 Re7 15.Rde1 a6
16.Nc3 Rd7 17.Bd1 Nd4 18.Bg3 Re7 19.Bh4 Rd7 20.Bg3 Re8 21.Bh4 h5 22.Bg5 b5
23.cxb5 axb5 24.f3 Nh7 25.Be3 c6 26.a3 h4 27.Kb1 Bf6 28.Ne2 Nxe2 29.Rxe2 Bg5
30.Bb6 Rb8 31.Ba5 c5 32.Rc2 Be3 33.Be2 Ng5 34.Be1 Ne6 35.Bxh4 Nd4 36.Rc3 Nxe2
37.Rxe3 Nf4 38.Rc3 b4 39.axb4 cxb4 40.Rc2 b3 41.Rc3 Rd2 42.Bg5 Rxg2 43.Bf6 Re8
44.Rxb3 Nh5 45.Bh4 g5 46.Be1 Ng3 47.Bxg3 Rxg3 48.Rc3 Rb8 49.Rh2 Kg7 50.Kc2 Rb6
51.Rd3 Rc6+ 52.Kd2 f5 53.exf5 Kf6 54.Ke3 Kxf5 55.Rd8 Rh6 56.Rf8+ Ke6 57.b4 g4
58.h4  1/2-1/2

[Event "Ostravsky Konik A"]
[Site "Ostrava CZE"]
[Date "2011.05.03"]
[Round "4.14"]
[White "Plischki,S"]
[Black "Weichhold,P"]
[Result "0-1"]
[WhiteElo "2332"]
[BlackElo "2236"]

1.d4 Nf6 2.c4 g6 3.Nc3 Bg7 4.e4 O-O 5.Nf3 d6 6.Be2 e5 7.Be3 Ng4 8.Bg5 f6
9.Bh4 Nc6 10.d5 Ne7 11.Nd2 f5 12.Bxg4 fxg4 13.Bg5 h6 14.Be3 g5 15.O-O Ng6
16.c5 Rf7 17.Nc4 Bf8 18.b4 Nf4 19.a4 h5 20.a5 h4 21.b5 Rh7 22.b6 axb6 23.axb6 Rxa1
24.Qxa1 g3 25.fxg3 h3 26.gxf4 gxf4 27.g3 fxe3 28.Nxe3 cxb6 29.cxd6 Qxd6 30.Kh1 Qb4
31.d6 Be6 32.Qa8 Rf7 33.Rxf7 Bxf7 34.d7 Qxc3 35.Qxf8+ Kxf8 36.d8=Q+ Be8 37.Qf6+ Bf7
38.Qh8+ Bg8 39.Qf6+ Ke8 40.Nf1 Qa1 41.g4 Bc4 42.Qh8+ Kd7 43.Qg7+ Kc6  0-1

[Event "ch-UKR semi-final"]
[Site "Alushta UKR"]
[Date "2011.05.04"]
[Round "2.40"]
[White "Sychevskyy,Andriy"]
[Black "Andrenko,I"]
[Result "1/2-1/2"]
[WhiteElo "1883"]
[BlackElo "2281"]

1.d4 Nf6 2.c4 g6 3.Nc3 Bg7 4.e4 d6 5.Be2 O-O 6.Nf3 e5 7.O-O Nbd7 8.Be3 Ng4
9.Bg5 f6 10.Bc1 Nh6 11.Rb1 a5 12.dxe5 fxe5 13.Bg5 Nf6 14.c5 Be6 15.cxd6 cxd6
16.Qa4 Nf7 17.Bh4 Rc8 18.Ng5 Nxg5 19.Bxg5 Qb6 20.Nb5 d5 21.Bxf6 Rxf6 22.exd5 Bxd5
23.Nc3 Be6 24.Qb5 Qxb5 25.Bxb5 Bf5 26.Rbd1 Rf7 27.Ba4 Kf8 28.Nb5 Re7 29.Nd6 Rc5
30.Rc1 Rcc7 31.f3 Bh6 32.Rxc7 Be3+ 33.Kh1 Rxc7 34.Nxf5 gxf5 35.h3 f4 36.Rb1 h5
37.a3 Rc1+ 38.Rxc1 Bxc1 39.b4 Bxa3 40.bxa5 Bb4 41.Kg1 Bxa5 42.Kf2 Ke7 43.g4 fxg3+
44.Kxg3 Be1+ 45.Kg2 h4 46.Kf1 Bg3 47.Ke2 Kd6 48.Kd3 Kc5 49.Kc2 b5 50.Bb3 Kd4
51.Be6 Ke3 52.Bg4 Be1 53.Kb1 Bc3 54.Kc2 b4 55.Bh5 Kd4 56.Bf7 Be1 57.Be6 Ke3
58.Bg4 Kf2 59.Kb3 Kg3 60.Kc2  1/2-1/2

[Event "ch-UKR semi-final"]
[Site "Alushta UKR"]
[Date "2011.05.04"]
[Round "2.18"]
[White "Omelja,A"]
[Black "Maximov,D"]
[Result "0-1"]
[WhiteElo "2329"]
[BlackElo "2486"]

1.d4 Nf6 2.c4 g6 3.Nc3 Bg7 4.e4 d6 5.Nf3 O-O 6.Be2 e5 7.Be3 Ng4 8.Bg5 f6
9.Bc1 Nc6 10.d5 Nb8 11.h3 Nh6 12.h4 f5 13.Ng5 Na6 14.Rb1 Qe7 15.b4 Nf7 16.Nxf7 Rxf7
17.Rb3 h5 18.exf5 Bxf5 19.Be3 Bf6 20.g4 hxg4 21.Bxg4 Bxh4 22.Bxf5 gxf5 23.Qh5 Rh7
24.Qxf5 Bxf2+ 25.Ke2 Rxh1 26.Bxf2 Rf8 27.Qg6+ Qg7 28.Qe6+ Kh8 29.Ne4 Qh7
30.Qg4 Qh5 31.Qxh5+ Rxh5 32.b5 Nb8 33.Ra3 Rf4 34.Ke3 Rh3+ 35.Ng3 Nd7 36.Rxa7 Nf6
37.Ke2 Rh2  0-1

[Event "29th Metz Open A"]
[Site "Longeville-les-Metz FRA"]
[Date "2011.05.05"]
[Round "6.18"]
[White "Achereiner,G"]
[Black "Migot,T"]
[Result "0-1"]
[WhiteElo "2044"]
[BlackElo "2272"]

1.d4 Nf6 2.c4 g6 3.Nc3 Bg7 4.e4 d6 5.Be2 O-O 6.Nf3 Nbd7 7.O-O e5 8.d5 Nc5
9.Qc2 a5 10.b3 Nh5 11.Ne1 Nf4 12.Nd3 f5 13.Nxc5 dxc5 14.Bf3 Bd7 15.Be3 b6
16.Rae1 Qh4 17.g3 Nh3+ 18.Kg2 Qf6 19.exf5 gxf5 20.Bd2 Ng5 21.Bxg5 Qxg5 22.Bd1 Qf6
23.f3 Kh8 24.Re3 Qh6 25.f4 exf4 26.Rxf4 Rae8 27.Rxe8 Rxe8 28.Rf2 f4 29.Qd2 Bh3+
30.Kh1 fxg3  0-1

[Event "Ostravsky Konik A"]
[Site "Ostrava CZE"]
[Date "2011.05.05"]
[Round "6.47"]
[White "Gil,K"]
[Black "Maltsev,L"]
[Result "0-1"]
[WhiteElo "1950"]
[BlackElo "1874"]

1.c4 Nf6 2.Nc3 g6 3.d4 Bg7 4.e4 d6 5.Nf3 O-O 6.Be2 e5 7.d5 a5 8.Bg5 h6 9.Bh4 Na6
10.O-O g5 11.Bg3 Nh5 12.Ne1 Nf4 13.Nc2 f5 14.f3 Nxe2+ 15.Qxe2 f4 16.Be1 h5
17.a3 g4 18.Kh1 Qg5 19.Qf2 Bf6 20.g3 gxf3 21.gxf4 Qxf4 22.Bd2 Qh4 23.Qxf3 Bg4
24.Rg1 Kh7 25.Qe3 Bg7 26.Rg3 Rf6 27.Rag1 Bh6 28.Qe1 Bxd2 29.Qxd2 Bf3+ 30.R1g2 Bxg2+
31.Qxg2 Qf4 32.Ne3 Raf8 33.Rg5 Qh4 34.Nf5 Qe1+ 35.Qg1 Qxg1+ 36.Kxg1 Rg6 37.Rg2 Rxg2+
38.Kxg2 Kg6 39.Kf3 Nc5 40.Ke3 Rf7 41.Nd1 Nxe4  0-1

[Event "Ostravsky Konik A"]
[Site "Ostrava CZE"]
[Date "2011.05.05"]
[Round "6.35"]
[White "Lexa,V"]
[Black "Dobes,L"]
[Result "1/2-1/2"]
[WhiteElo "1889"]
[BlackElo "2075"]

1.d4 Nf6 2.c4 g6 3.Nc3 d6 4.e4 Bg7 5.Nf3 O-O 6.Be2 e5 7.Be3 exd4 8.Nxd4 Re8
9.f3 c6 10.Qd2 d5 11.exd5 cxd5 12.O-O Nc6  1/2-1/2

[Event "Ostravsky Konik A"]
[Site "Ostrava CZE"]
[Date "2011.05.05"]
[Round "6.13"]
[White "Vesely,Ma"]
[Black "Firt,S"]
[Result "0-1"]
[WhiteElo "2177"]
[BlackElo "2330"]

1.d4 Nf6 2.Nf3 g6 3.c4 Bg7 4.Nc3 O-O 5.e4 d6 6.Be2 Nbd7 7.O-O e5 8.dxe5 dxe5
9.Qc2 c6 10.Rd1 Qe7 11.b3 Re8 12.h3 h6 13.Bb2 Nh5 14.Rd2 Nf4 15.Bf1 Qf6 16.Nh2 Nc5
17.Rad1 Bf8 18.Ne2 Nce6 19.Ng4 Qg5 20.g3 Nxe2+ 21.Bxe2 Bg7 22.Ba3 Nd4 23.Qd3 h5
24.Nh2 Bxh3 25.Bf1 Be6 26.Bc5 Red8 27.Qe3 Bh6 28.Bxd4 exd4 29.Qxg5 Bxg5 30.Rxd4 Rxd4
31.Rxd4 Rd8 32.Nf3 Rxd4 33.Nxd4 Bd7 34.Kh2 Be7 35.f3 Kf8 36.Bh3 Ke8 37.Bxd7+ Kxd7
38.Ne2 Kd6 39.f4 Kc5 40.a3 a5 41.f5 a4 42.fxg6 fxg6 43.bxa4 g5  0-1

[Event "ch-UKR semi-final"]
[Site "Alushta UKR"]
[Date "2011.05.06"]
[Round "4.28"]
[White "Trjapishko,A"]
[Black "Luzhinsky,V"]
[Result "0-1"]
[WhiteElo "1957"]
[BlackElo "2362"]

1.d4 Nf6 2.c4 d6 3.Nc3 e5 4.Nf3 Nbd7 5.e4 g6 6.Be2 Bg7 7.O-O O-O 8.Re1 Re8
9.Bf1 c6 10.g3 exd4 11.Nxd4 Nc5 12.Bg2 a5 13.b3 Ng4 14.Bb2 Ne5 15.Bf1 Qf6
16.Qc2 Ne6 17.Nxe6 Nf3+ 18.Kh1 Nxe1 19.Rxe1 Bxe6 20.Bg2 Qe7 21.Rd1 Rad8 22.Qc1 h5
23.Qa1 Qf8 24.h3 h4 25.g4 Be5 26.Rf1 g5 27.Qc1 Qg7 28.f4 gxf4 29.Rxf4 b5
30.g5 bxc4 31.bxc4 Rb8 32.Ba1 Bxf4 33.Qxf4 Rb1+ 34.Nxb1 Qxa1 35.Qf1 Rb8 36.Nd2 Qxf1+
37.Bxf1 Rb2 38.Nf3 Rxa2  0-1

[Event "7th Mukachevo Rating"]
[Site "Mukachevo UKR"]
[Date "2011.05.06"]
[Round "3"]
[White "Kutsykh,M"]
[Black "Shkuran,D"]
[Result "1/2-1/2"]
[WhiteElo "2291"]
[BlackElo "2371"]

1.d4 Nf6 2.Nf3 g6 3.c4 Bg7 4.Nc3 O-O 5.e4 d6 6.Be2 e5 7.Be3 Nbd7 8.O-O exd4
9.Nxd4 Nc5 10.f3 a5 11.Qd2 Re8 12.Rad1  1/2-1/2

[Event "TCh-SVK Extraliga 2010-11"]
[Site "Slovakia SVK"]
[Date "2011.05.06"]
[Round "9"]
[White "Kaniansky,M"]
[Black "Svana,P"]
[Result "1-0"]
[WhiteElo "2185"]
[BlackElo "2227"]

1.d4 Nf6 2.Nf3 g6 3.c4 Bg7 4.Nc3 O-O 5.e4 d6 6.Be2 e5 7.d5 Na6 8.Bg5 h6 9.Bh4 g5
10.Bg3 Nc5 11.Nd2 a5 12.b3 Nh7 13.a3 f5 14.f3 Nf6 15.b4 Na6 16.Rb1 Nh5 17.Bf2 Nf4
18.Bf1 axb4 19.axb4 g4 20.fxg4 fxg4 21.g3 Nh3 22.Bxh3 gxh3 23.Qh5 Qd7 24.O-O Qg4
25.Qxg4 Bxg4 26.Be3 Rxf1+ 27.Kxf1 Rf8+ 28.Ke1 Kh7 29.Nd1 h5 30.Nf2 Bd7 31.c5 Bh6
32.Bxh6 Kxh6 33.cxd6 cxd6 34.Nc4 Rf6 35.Na5 b5 36.Nd3 h4 37.gxh4 Rg6 38.Rb2 Rg1+
39.Kd2 Nc7 40.Ke3 Ne8 41.Nb7 Rf1 42.Rf2 Rxf2 43.Nxf2 Kh5 44.Nd8 Kxh4 45.Nf7 Bc8
46.Nd1 Bg4 47.Nc3 Bd7 48.Kf2 Kg4  1-0

[Event "ch-UKR semi-final"]
[Site "Alushta UKR"]
[Date "2011.05.07"]
[Round "5.48"]
[White "Gavrish,L"]
[Black "Omelja,A"]
[Result "0-1"]
[WhiteElo "2127"]
[BlackElo "2329"]

1.d4 Nf6 2.c4 g6 3.Nc3 Bg7 4.e4 d6 5.Nf3 O-O 6.Be2 e5 7.O-O exd4 8.Nxd4 Re8
9.f3 c6 10.Kh1 Nbd7 11.Nc2 Nb6 12.a4 Be6 13.Na3 a5 14.Be3 Bf8 15.Qb3 Nfd7
16.Rad1 Qc7 17.Qc2 Nc5 18.b3 Nbd7 19.g4 Qb6 20.Rb1 Qb4 21.Nab5 cxb5 22.Na2 bxc4
23.Nxb4 cxb3 24.Qd2 axb4 25.Bb5 Rec8 26.Rfc1 Ne5 27.Qe2 Nxa4 28.Rxc8 Bxc8
29.Bxa4 Rxa4 30.Rxb3 Be6 31.Rb1 Bc4 32.Qd1 Ra2 33.Bd2 b3 34.Bf4 Nd3 35.Bg3 b2
36.f4 d5 37.e5 Bc5 38.Kg2 Bd4 39.f5 Ra1 40.e6 fxe6 41.fxe6 Rxb1 42.Qxb1 Nc5
43.Bf2 Bd3 44.e7 Kf7 45.Qe1 Be4+  0-1

[Event "ch-Euro Indiv Women"]
[Site "Tbilisi GEO"]
[Date "2011.05.07"]
[Round "1"]
[White "Matveeva,S"]
[Black "Ibrahimova,S"]
[Result "0-1"]
[WhiteElo "2380"]
[BlackElo "2078"]

1.d4 Nf6 2.c4 g6 3.Nc3 Bg7 4.e4 d6 5.Nf3 O-O 6.Be2 e5 7.Be3 Ng4 8.Bg5 f6
9.Bh4 Qe8 10.h3 Nh6 11.Qd2 c6 12.d5 c5 13.g4 Nf7 14.Qc2 Na6 15.a3 Nc7 16.Nd2 Bd7
17.f3 a6 18.Kf1 b5 19.Kg2 Rb8 20.Rab1 b4 21.axb4 cxb4 22.Nd1 a5 23.b3 a4
24.Nb2 a3 25.Nd3 Qd8 26.Bf2 Bh6 27.c5 dxc5 28.Bxc5 Nb5 29.Bxb4 Nd4 30.Qd1 Rxb4
31.Nxb4 Qa5 32.Nc6 Qxd2 33.Qxd2 Bxd2 34.Nxd4 exd4 35.Ra1 Ra8 36.Ra2 Bc3 37.Rb1 g5
38.b4 Ne5 39.Rb3 Bb2 40.b5 Rb8 41.b6 Ba4 42.Rbxb2 axb2 43.Rxb2 d3 44.Bf1 Bc2
45.Kf2 d2 46.Be2 d1=Q 47.Bxd1 Bxd1 48.b7 Bxf3  0-1

[Event "TCh-POL Ekstraliga"]
[Site "Wroclaw POL"]
[Date "2011.05.07"]
[Round "2.4"]
[White "Lagowski,P"]
[Black "Swiercz,D"]
[Result "1/2-1/2"]
[WhiteElo "2321"]
[BlackElo "2553"]

1.Nf3 Nf6 2.c4 g6 3.Nc3 Bg7 4.e4 d6 5.d4 O-O 6.Be2 Nbd7 7.O-O e5 8.Re1 c6
9.Bf1 Qe7 10.d5 c5 11.g3 Ne8 12.Nh4 f5 13.exf5 gxf5 14.Qh5 Nb6 15.a4 Bd7
16.a5 Nc8 17.Bg5 Bf6 18.Bxf6 Qxf6 19.Bh3 Ne7 20.Qe2 Ng6 21.Nxg6 hxg6 22.f4 exf4
23.gxf4 Ng7 24.Qf2 Rae8 25.Ne2 Qxb2 26.Rab1 Qa3 27.Ng3 Bc8 28.Qd2 Kf7 29.Bf1 Rxe1
30.Rxe1 Re8 31.Kg2 Rxe1 32.Qxe1 Ne8 33.h4 Nf6 34.Be2 Qb4 35.Qd1 Qxa5 36.h5 Qc3
37.hxg6+ Kg7 38.Qh1 Qd2 39.Qh4 a5 40.Nh5+ Nxh5 41.Qxh5 Kf6 42.Qg5+ Kg7 43.Qh5 Kf6
44.Qg5+ Kg7 45.Qe7+ Kxg6 46.Qxd6+ Kg7 47.Qe7+ Kg6 48.Kh3 Qc3+ 49.Kg2 Qd2
50.Qd6+ Kg7 51.Qe5+  1/2-1/2

[Event "ch-UKR semi-final"]
[Site "Alushta UKR"]
[Date "2011.05.08"]
[Round "6.59"]
[White "Stolpovsky,S"]
[Black "Rybakov,S UKR"]
[Result "1-0"]
[WhiteElo "2153"]
[BlackElo "2005"]

1.d4 Nf6 2.c4 g6 3.Nc3 Bg7 4.e4 d6 5.Be2 O-O 6.Nf3 e5 7.d5 a5 8.Bg5 Na6 9.O-O h6
10.Bh4 Bd7 11.Nd2 Qb8 12.Re1 Nh7 13.f3 f5 14.a3 Bf6 15.Bf2 Bg5 16.Nf1 Qe8
17.b4 axb4 18.axb4 Nxb4 19.Qb3 Na6 20.Qxb7 Qc8 21.Qxc8 Rfxc8 22.Ra3 Nb4 23.Rea1 Rxa3
24.Rxa3 Bc1 25.Rb3 Na6 26.Nb5 h5 27.Rb1 Bg5 28.Ra1 Nc5 29.Bxc5 dxc5 30.Ra7 fxe4
31.fxe4 Nf6 32.Nxc7 Nxe4 33.Nb5 Bxb5 34.cxb5 c4 35.b6 Bd8 36.Ra6 c3 37.b7 Rb8
38.Bd3 Nc5 39.Rxg6+ Kf7 40.Bc2 Rxb7 41.Rg3 Bb6 42.Kh1 Ba5 43.Ne3 Rb2 44.Rf3+ Ke7
45.h3 Ra2 46.Rf1 Na6 47.Bb3 Ra3 48.d6+ Ke8 49.Bc4 Nc5 50.Nc2 Rb3 51.Bxb3 Nxb3
52.Re1 Kd7 53.Rxe5 Bd8 54.Rxh5 Kxd6 55.g4 Nc5 56.Rf5 Ne4 57.Kg2 Be7 58.Rh5 Bf6
59.h4 Be5 60.g5 Kd5 61.g6 Nf6 62.Rg5 Ke4 63.g7 Ng8 64.h5 Bf6 65.Rg4+ Kd3
66.Nb4+ Kd2 67.Rf4 Be7 68.Rf2+ Kd1 69.Na2 c2 70.Rf8 Nh6 71.Rh8 Bf6 72.Rxh6 Bxg7
73.Rd6+ Ke2 74.h6  1-0

[Event "ch-UKR semi-final"]
[Site "Alushta UKR"]
[Date "2011.05.08"]
[Round "6.63"]
[White "Sidletsky,Andrey"]
[Black "Tantsiura,M"]
[Result "0-1"]
[WhiteElo "1896"]
[BlackElo "2100"]

1.d4 g6 2.c4 Nf6 3.Nc3 Bg7 4.e4 d6 5.Nf3 O-O 6.Be2 e5 7.d5 Nbd7 8.O-O Nc5
9.Qc2 a5 10.Bg5 h6 11.Be3 Ne8 12.a3 f5 13.b4 Nxe4 14.Nxe4 fxe4 15.Nd2 Nf6
16.bxa5 Kh7 17.Nb3 Bd7 18.a4 Qe8 19.Qa2 h5 20.Qa3 Bh6 21.Bxh6 Kxh6 22.Qb4 Qe7
23.Qd2+ Kg7 24.Ra3 Rf7 25.Qg5 Nxd5 26.Qxe7 Nxe7 27.c5 d5 28.Bb5 c6 29.Be2 Be6
30.a6 bxa6 31.Na5 d4 32.Rb1 d3 33.Bf1 Bd5 34.Raa1 Nf5 35.Rb6 Nd4 36.Nb7 Raf8
37.Rb2 Nc2 38.Rxc2 dxc2 39.Bxa6 Rxf2 40.Nd6 e3 41.Bc4 Bxc4  0-1

[Event "Ostravsky Konik A"]
[Site "Ostrava CZE"]
[Date "2011.05.08"]
[Round "9"]
[White "Hofirek,Benedikt"]
[Black "Kubik,M"]
[Result "1-0"]
[WhiteElo "1980"]
[BlackElo "1915"]

1.c4 Nf6 2.Nc3 g6 3.e4 d6 4.d4 Bg7 5.Nf3 O-O 6.Be2 e5 7.d5 a5 8.O-O Na6 9.a3 Bd7
10.Ne1 Nc5 11.f3 a4 12.Be3 Nb3 13.Rb1 b6 14.Nd3 Qe7 15.Nf2 Nh5 16.Bd3 Nf4
17.Bc2 Nc5 18.Bxc5 Qg5 19.g3 bxc5 20.Bxa4 Bxa4 21.Nxa4 f5 22.Nc3 Nh5 23.Nh3 Qh6
24.Kg2 Bf6 25.Qc1 f4 26.b4 cxb4 27.axb4 Bg5 28.g4 Nf6 29.Nxg5 Qxg5 30.Qe1 Nd7
31.Qf2 Ra3 32.Nb5 Rfa8 33.Nxa3 Rxa3 34.Ra1 Rb3 35.Rfb1 Rc3 36.Rc1 Rb3 37.Rab1 Re3
38.c5 h5 39.cxd6 cxd6 40.h4 Qd8 41.g5 Qb8 42.Qc2 Qb5 43.Qc4 Qb6 44.Rc3  1-0